Código procesal contencioso administrativo de la provincia de Buenos Aires : concordado y comentado. Jurisprudencia /

Guardado en:
Otros Autores: Morteo, Alberto., Antón, Adriana., Giacondino, María del Carmen., Herrera, Carlos., Sardo, Adriana., Isacch, Simón Francisco., Guiñazú Juan I., Rappallini, María Celeste.
Formato: Libro
Idioma:Spanish
Publicado: La Plata : Scotti, 2004.
Edición:1a. ed.
Materias:
Etiquetas: Agregar Etiqueta
Sin Etiquetas, Sea el primero en etiquetar este registro!
LEADER 00995nam a22002775a 4500
001 DER.der001360
008 180615s2004####ag#||||||||||||||#||spa||
005 20241105113834.0
245 1 0 |a Código procesal contencioso administrativo de la provincia de Buenos Aires :  |b concordado y comentado. Jurisprudencia /  |c dirigido por Tomás Hutchinson. 
250 |a 1a. ed. 
260 |a La Plata :  |b Scotti,  |c 2004. 
300 |a 414 p. 
500 |a Ley 12.008 modificada por leyes 12.162, 12.310 y 13.101. 
020 |a 9879086597 
700 1 |a Hutchinson, Tomás,  |e dir. 
700 1 |a Morteo, Alberto. 
700 1 |a Antón, Adriana. 
700 1 |a Giacondino, María del Carmen. 
700 1 |a Herrera, Carlos. 
700 1 |a Sardo, Adriana. 
700 1 |a Isacch, Simón Francisco. 
700 1 |a Guiñazú Juan I. 
700 1 |a Rappallini, María Celeste. 
650 7 |a DERECHO ADMINISTRATIVO 
859 |a DERECHO  |b BIB. DERECHO  |h 348.023  |i HUT  |p 003439 
859 |a DERECHO  |b BIB. DERECHO  |h 348.023  |i HUT  |p 003440  |t 1